| 000 | 00846nam a2200217 u 4500 | ||
|---|---|---|---|
| 005 | 20210223133253.0 | ||
| 008 | 170508s2013 r 000 0 eng d | ||
| 020 | _a9786072800397 (UAM) | ||
| 020 | _a9786074162998 (ADABI) | ||
| 035 | _aUPN01000217565 | ||
| 049 | _aCG | ||
| 050 | 4 |
_aF1211 _bI4.8 |
|
| 100 | 0 |
_aIlarione, _cda Bergamo, _d1728-1778 _940808 |
|
| 245 | 0 | 3 |
_aEl viaje a Mexico de Hilarión de Bégamo : _bpaloegrafía, traducción, estudio introductorio y notas / _ced. Martín Clavé Almeida. |
| 260 |
_aMéxico : _bUAM-Azcapotzalco : _bADABI, _c2013. |
||
| 300 |
_a247 p. : _bil. |
||
| 534 |
_pTítulo original: _tViaggio al Messico nell´America settentrionale : fatto e descritto da Fra Ilarione da Bergamo, religioso cappuccino, con figure |
||
| 700 | 1 |
_aClavé Almeida, Martín, _eed. |
|
| 905 | _aLibro | ||
| 999 |
_c189665 _d189665 |
||